Základy politológie : (Človek v politike /

Gespeichert in:
Bibliographische Detailangaben
1. Verfasser: Tóth, Rastislav (Verfasst von)
Format: Buch
Sprache:Slowakisch
Veröffentlicht: Bratislava : Slovenské pedagogické nakladateľstvo, 1996
Ausgabe:2.vyd.
Tags: Tag hinzufügen
Keine Tags, Fügen Sie das erste Tag hinzu!

MARC

LEADER 00000nam a22000003a 4500
001 stu30552
005 20150617225738.6
008 941222s1996----xo------------------slo-d
020 |a 80-08-01213-7 
040 |a STU  |b slo 
041 0 |a slo 
044 |a xo 
080 |a 32(075) 
100 1 |a Tóth, Rastislav  |4 aut 
245 1 |a Základy politológie :  |b (Človek v politike /  |c [aut]Tóth,Rastislav 
250 |a 2.vyd. 
260 |a Bratislava :  |b Slovenské pedagogické nakladateľstvo,  |c 1996 
300 |a 115 s 
996 |b 284V007881  |c V*45117/O-19717c  |l VVS  |s A  |a 24  |w stu30552_0001 
996 |b 284V007882  |c V*45116/O-19717c  |l VVS  |s A  |a 24  |w stu30552_0002